000
00230nmm a2200085Ia 4500
008
220120s9999||||xx |||||||||||||||||und||
100
_a
DIGIT 2010
245
0
_a
Digit 9th aniversery Package, Audio and video lecturing
260
_c
2010
999
_c
139487
_d
139487